00366nam a22001217a 4500040000800000082001800008100001500026245003900041260001200080942001200092999001900104952012100123 cDLC a891.4391bDAG aDag987233 aIntikhaab Qalam DaghcMir Taqi Mir a?b?c? 2ddccBK c587484d587484 00102ddc4070aNITbNITd2021-12-31l2o891.4391 DAGpNIT-7803q2024-06-14r2024-05-15s2024-05-15w2021-12-31yBK